000 00991nam a2200301 i 4500
001 1781728
003 OSt
005 20230621110039.0
008 771209t19761975enk b f001 0 eng
010 _a 77373709
015 _aGB***
020 _a0117005681 :
_c£2.70
040 _aDLC
_cDLC
_dDLC
050 0 0 _aJX1930.I71
_bD68 1976
082 0 0 _a328/.3/0621
_bIPU
100 1 _aDouglas, James.
245 1 0 _aParliaments across frontiers :
_ba short history of the Inter-parliamentary Union /
_cJames Douglas.
250 _a2d ed.
260 _aLondon :
_bH.M. Stationery Off.,
_c1976, c1975.
300 _aix, 108 p. ;
_c25 cm.
500 _aPublished in celebration of the 62d annual conference of the Inter-parliamentary Union in London in 1975.
500 _aIncludes index.
504 _aBibliography: p. 101-106.
610 2 0 _aInter-parliamentary Union.
710 2 _aInter-parliamentary Union.
906 _a7
_bcbc
_corignew
_d4
_encip
_f19
_gy-gencatlg
942 _2ddc
_cBK
999 _c2081
_d2081